| 000 | 00545nam a22002057a 4500 | ||
|---|---|---|---|
| 003 | BD-ChCU | ||
| 005 | 20260512113221.0 | ||
| 008 | 260512b ii ||||| |||| 00| 0 eng d | ||
| 020 | _a9788197055973 | ||
| 040 | _cBD-ChCU | ||
| 082 |
_223 _a572 L765 |
||
| 245 |
_aLippincott illustrated reviews : _cEdited by Ritu Singh. |
||
| 250 | _a2ed. | ||
| 260 |
_aNew Delhi : _bWolters Kluwer, _c2024 |
||
| 300 | _a854 P. : | ||
| 504 | _aIncludes. | ||
| 650 | 0 |
_aBiochemistry. _922830 |
|
| 700 |
_aSingh, Ritu. _eEditor _922831 |
||
| 942 |
_2ddc _cBK _n0 |
||
| 999 |
_c112901 _d112901 |
||